000 00440nam a2200181Ia 4500
003 GCL
008 140319s9999 xx 000 0 eng d
040 _aGCL /
_cGCL
082 0 4 _a745
_bO E
100 1 _aOKUDAIRA, HIDEO
245 1 0 _aEMAKI: PICTURE-SCROLLS /
_cOKUDAIRA, HIDEO
700 1 _aDUNBAR, FRED
260 _a[S.N] :
_bHOIKUSHA ،
_c1981
300 _a123 P
650 0 4 _aPAINTING
650 0 4 _aART, JAPAN
942 _2ddc
_cBK
999 _c19598
_d19598